| 000 | 01455nam a2200361Ia 4500 | ||
|---|---|---|---|
| 001 | ebr10135431 | ||
| 003 | CaPaEBR | ||
| 006 | m u | ||
| 007 | cr cn||||||||| | ||
| 008 | 050317s2006 nyuab sb 001 0 eng d | ||
| 010 | _z 2005045946 | ||
| 015 |
_aGBA592813 _2bnb |
||
| 020 | _z1403979499 | ||
| 020 | _z1403970823 | ||
| 020 | _z1403970831 (pbk.) | ||
| 040 |
_aCaPaEBR _cCaPaEBR |
||
| 035 | _a(OCoLC)560461416 | ||
| 050 | 1 | 4 |
_aHQ2017 _b.S74 2006eb |
| 100 | 1 | _aSteady, Filomina Chioma. | |
| 245 | 1 | 0 |
_aWomen and collective action in Africa _h[electronic resource] : _bdevelopment, democratization, and empowerment, with special focus on Sierra Leone / _cby Filomina Chioma Steady. |
| 250 | _a1st ed. | ||
| 260 |
_aNew York : _bPalgrave Macmillan, _c2006. |
||
| 300 |
_axiv, 208 p. : _bill., maps. |
||
| 504 | _aIncludes bibliographical references (p. [179]-199) and index. | ||
| 533 |
_aElectronic reproduction. _bPalo Alto, Calif. : _cebrary, _d2009. _nAvailable via World Wide Web. _nAccess may be limited to ebrary affiliated libraries. |
||
| 650 | 0 |
_aWomen _zAfrica _xSocieties and clubs. |
|
| 650 | 0 |
_aNon-governmental organizations _zAfrica. |
|
| 650 | 0 |
_aWomen in development _zAfrica. |
|
| 650 | 0 |
_aFeminism _zAfrica. |
|
| 655 | 7 |
_aElectronic books. _2local |
|
| 710 | 2 | _aebrary, Inc. | |
| 856 | 4 | 0 |
_uhttp://site.ebrary.com/lib/rucke/Doc?id=10135431 _zAn electronic book accessible through the World Wide Web; click to view |
| 999 |
_c187591 _d187591 |
||